<?xml version="1.0" encoding="UTF-8"?>
<record
    xmlns:xsi="http://www.w3.org/2001/XMLSchema-instance"
    xsi:schemaLocation="http://www.loc.gov/MARC21/slim http://www.loc.gov/standards/marcxml/schema/MARC21slim.xsd"
    xmlns="http://www.loc.gov/MARC21/slim">

  <leader>02388cam a22004934i 4500</leader>
  <controlfield tag="003">PE-LiUPU</controlfield>
  <controlfield tag="005">20250731183352.0</controlfield>
  <controlfield tag="008">140811s2014    pe      r     000 0 spa d</controlfield>
  <datafield tag="020" ind1=" " ind2=" ">
    <subfield code="a">6124206447</subfield>
  </datafield>
  <datafield tag="020" ind1=" " ind2=" ">
    <subfield code="a">9786124206443</subfield>
  </datafield>
  <datafield tag="035" ind1=" " ind2=" ">
    <subfield code="a">(Sirsi) i9786124206443</subfield>
  </datafield>
  <datafield tag="040" ind1=" " ind2=" ">
    <subfield code="a">PUCPR</subfield>
    <subfield code="b">spa</subfield>
    <subfield code="c">PUCPR</subfield>
    <subfield code="d">H7K</subfield>
    <subfield code="d">OCLCO</subfield>
    <subfield code="d">PE-LiUPU</subfield>
    <subfield code="e">rda</subfield>
  </datafield>
  <datafield tag="050" ind1=" " ind2="4">
    <subfield code="a">LE 67.1</subfield>
    <subfield code="b">4.39.1</subfield>
  </datafield>
  <datafield tag="082" ind1=" " ind2=" ">
    <subfield code="a">720</subfield>
    <subfield code="b">P7</subfield>
    <subfield code="2">20</subfield>
  </datafield>
  <datafield tag="110" ind1="2" ind2=" ">
    <subfield code="a">Pontificia Universidad Cat&#xF3;lica del Peru.</subfield>
    <subfield code="b">Facultad de Arquitectura y Urbanismo.</subfield>
    <subfield code="9">534</subfield>
  </datafield>
  <datafield tag="245" ind1="1" ind2="0">
    <subfield code="a">Bases : </subfield>
    <subfield code="b">de la materia a la metr&#xF3;polis /</subfield>
    <subfield code="c">[Facultad de Arquitectura y Urbanismo ; edici&#xF3;n, Jos&#xE9; Luis Villanueva ; fotograf&#xED;a, Luisa Yupa].</subfield>
  </datafield>
  <datafield tag="264" ind1=" " ind2=" ">
    <subfield code="a">Lima :</subfield>
    <subfield code="b">Pontificia Universidad Cat&#xF3;lica del Per&#xFA;, Oficina de Publicaciones de la Facultad de Arquitectura y Urbanismo,</subfield>
    <subfield code="c">2014.</subfield>
  </datafield>
  <datafield tag="300" ind1=" " ind2=" ">
    <subfield code="a">303 p&#xE1;ginas :</subfield>
    <subfield code="b">ilustraciones ;</subfield>
    <subfield code="c">22 cent&#xED;metros.</subfield>
  </datafield>
  <datafield tag="336" ind1=" " ind2=" ">
    <subfield code="a">text</subfield>
    <subfield code="2">rdacontent</subfield>
  </datafield>
  <datafield tag="337" ind1=" " ind2=" ">
    <subfield code="a">unmediated</subfield>
    <subfield code="2">rdamedia</subfield>
  </datafield>
  <datafield tag="338" ind1=" " ind2=" ">
    <subfield code="a">volume</subfield>
    <subfield code="2">rdacarrier</subfield>
  </datafield>
  <datafield tag="500" ind1=" " ind2=" ">
    <subfield code="a">En cubierta: FAU PUCP.</subfield>
  </datafield>
  <datafield tag="500" ind1=" " ind2=" ">
    <subfield code="a">En solapa: 2013</subfield>
  </datafield>
  <datafield tag="505" ind1="8" ind2=" ">
    <subfield code="a">Tema 1. Paisaje y materialidad -- Tema 2. Vivienda colectica -- Tema 3. Barrios y ciudades -- Tema 4. Lima metr&#xF3;polis -- 10 a&#xF1;os PUCP: la consolidaci&#xF3;n pedag&#xF3;gica de una escuela / Freddy Cooper.</subfield>
  </datafield>
  <datafield tag="526" ind1=" " ind2=" ">
    <subfield code="a">P158</subfield>
  </datafield>
  <datafield tag="526" ind1=" " ind2=" ">
    <subfield code="a">P146</subfield>
  </datafield>
  <datafield tag="526" ind1=" " ind2=" ">
    <subfield code="a">P17</subfield>
  </datafield>
  <datafield tag="526" ind1=" " ind2=" ">
    <subfield code="a">P12</subfield>
  </datafield>
  <datafield tag="526" ind1=" " ind2=" ">
    <subfield code="a">P06</subfield>
  </datafield>
  <datafield tag="610" ind1="2" ind2="8">
    <subfield code="a">Pontificia Universidad Cat&#xF3;lica del Per&#xFA;. </subfield>
    <subfield code="b">Facultad de Arquitectura y Urbanismo</subfield>
    <subfield code="v">Curr&#xED;culo.</subfield>
  </datafield>
  <datafield tag="610" ind1="2" ind2="8">
    <subfield code="a">Pontificia Universidad Cat&#xF3;lica del Per&#xFA;. </subfield>
    <subfield code="b">Facultad de Arquitectura y Urbanismo</subfield>
    <subfield code="x">Planes y programas.</subfield>
  </datafield>
  <datafield tag="650" ind1="1" ind2="8">
    <subfield code="a">Arquitectura</subfield>
    <subfield code="x">Estudio y ense&#xF1;anza</subfield>
    <subfield code="z">Per&#xFA;.</subfield>
  </datafield>
  <datafield tag="650" ind1="2" ind2="8">
    <subfield code="a">Urbanismo$x-Estudio y ense&#xF1;anza</subfield>
    <subfield code="z">Per&#xFA;.</subfield>
  </datafield>
  <datafield tag="650" ind1="2" ind2="8">
    <subfield code="a">Proyectos de arquitectura</subfield>
    <subfield code="z">Per&#xFA;.</subfield>
  </datafield>
  <datafield tag="650" ind1="2" ind2="8">
    <subfield code="a">Educaci&#xF3;n superior</subfield>
    <subfield code="x">Estudio y ense&#xF1;anza</subfield>
    <subfield code="z">Per&#xFA;.</subfield>
  </datafield>
  <datafield tag="650" ind1="2" ind2="8">
    <subfield code="a">Formaci&#xF3;n profesional</subfield>
    <subfield code="z">Per&#xFA;.</subfield>
  </datafield>
  <datafield tag="910" ind1=" " ind2=" ">
    <subfield code="a">jck</subfield>
    <subfield code="b">ebj</subfield>
    <subfield code="c">ebj</subfield>
    <subfield code="d">20160804</subfield>
  </datafield>
  <datafield tag="942" ind1=" " ind2=" ">
    <subfield code="2">ddc</subfield>
    <subfield code="c">BOOK</subfield>
  </datafield>
  <datafield tag="949" ind1=" " ind2=" ">
    <subfield code="a">720 P7</subfield>
    <subfield code="w">DEWEY</subfield>
    <subfield code="c">1</subfield>
    <subfield code="i">74240</subfield>
    <subfield code="l">CCODEBUL1</subfield>
    <subfield code="m">BUL</subfield>
    <subfield code="p">30.00</subfield>
    <subfield code="r">0</subfield>
    <subfield code="s">Y</subfield>
    <subfield code="t">BOOK</subfield>
    <subfield code="u">2016-8-4</subfield>
    <subfield code="x">INGENIERIA</subfield>
    <subfield code="P">P06</subfield>
    <subfield code="0">COMPRA</subfield>
    <subfield code="o">.STAFF. Colecci&#xF3;n General</subfield>
  </datafield>
  <datafield tag="994" ind1=" " ind2=" ">
    <subfield code="a">C0</subfield>
    <subfield code="b">PEPRU</subfield>
  </datafield>
  <datafield tag="596" ind1=" " ind2=" ">
    <subfield code="a">1</subfield>
  </datafield>
  <datafield tag="999" ind1=" " ind2=" ">
    <subfield code="a">720 P7</subfield>
    <subfield code="w">DEWEY</subfield>
    <subfield code="c">11747</subfield>
    <subfield code="i">74240</subfield>
    <subfield code="d">11747</subfield>
    <subfield code="e">2019-8-18</subfield>
    <subfield code="f">2021-11-9</subfield>
    <subfield code="g">7</subfield>
    <subfield code="l">CCODEBUL1</subfield>
    <subfield code="m">BUL</subfield>
    <subfield code="n">5</subfield>
    <subfield code="p">30.00</subfield>
    <subfield code="q">1</subfield>
    <subfield code="r">0</subfield>
    <subfield code="s">Y</subfield>
    <subfield code="t">BOOK</subfield>
    <subfield code="u">2016-8-4</subfield>
    <subfield code="x">INGENIERIA</subfield>
    <subfield code="P">P06</subfield>
    <subfield code="0">COMPRA</subfield>
    <subfield code="o">.STAFF. Colecci&#xF3;n General</subfield>
  </datafield>
  <datafield tag="980" ind1=" " ind2=" ">
    <subfield code="8">1</subfield>
    <subfield code="g">ALBERTO SANCHEZ Responsable de Automatizaci&#xF3;n</subfield>
  </datafield>
  <datafield tag="952" ind1=" " ind2=" ">
    <subfield code="r">2025-12-03 00:00:00</subfield>
    <subfield code="i">8</subfield>
    <subfield code="l">6</subfield>
    <subfield code="o">720 P7</subfield>
    <subfield code="p">74240</subfield>
    <subfield code="s">2023-05-08</subfield>
    <subfield code="t">e1</subfield>
    <subfield code="v">35.00</subfield>
    <subfield code="w">2016-08-04</subfield>
    <subfield code="x">FIA</subfield>
    <subfield code="y">BK</subfield>
    <subfield code="z">perdido antes del 2023-12-13 pero devuelto</subfield>
    <subfield code="1">0</subfield>
    <subfield code="2">ddc</subfield>
    <subfield code="5">0</subfield>
    <subfield code="7">0</subfield>
    <subfield code="8">GEN</subfield>
    <subfield code="f">P06</subfield>
    <subfield code="a">BUL</subfield>
    <subfield code="b">BUL</subfield>
    <subfield code="c">GEN</subfield>
    <subfield code="d">2016-08-04</subfield>
    <subfield code="e">COMPRA</subfield>
    <subfield code="g">30.00</subfield>
  </datafield>
</record>
